[Event "World Youth U16 Olympiad"]
[Site "Gyor HUN"]
[Date "2014.12.14"]
[Round "2.16"]
[Board "4"]
[White "Gorodetzky, Matan"]
[Black "Lendvai, Oliver"]
[Result "1-0"]
[WhiteElo "1751"]
[BlackElo "1248"]
[WhiteTeam "Rehovot Chess School"]
[BlackTeam "Transdanubium 3"]
[WhiteFideId "2813394"]
[BlackFideId "768758"]
[EventDate "2014.12.13"]

1. e4 c5 2. c3 Nf6 3. e5 Nd5 4. d4 cxd4 5. cxd4 Nc6 6. Nf3 g6 7. Bc4 Nb6 8. Bb3
Bg7 9. Bf4 e6 10. Nc3 O-O 11. Ne4 d5 12. exd6 Bd7 13. O-O Nb4 14. Nc5 Rb8 15.
Bg5 Qe8 16. Be7 N4d5 17. Bxf8 Bxf8 18. Ne5 Bc6 19. Ne4 Rd8 20. Nxc6 bxc6 21. a4
a5 22. Qd2 Nb4 23. Nf6+ Kg7 24. Nxe8+ Rxe8 25. Qf4 N6d5 26. Bxd5 Nxd5 27. Qg3
Rd8 28. Qe5+ Kg8 29. Qg5 Rxd6 30. Ra3 Rd7 31. Rh3 f6 32. Qc1 g5 33. Qxc6 Re7 34.
Re1 Nf4 35. Rhe3 Kf7 36. g3 Nd5 37. Rxe6 Nb4 38. Rxf6+ Kg7 39. Rxe7+ Bxe7 40.
Qc7 Kxf6 41. Qxa5 Nd3 42. Qa6+ Bd6 43. Qxd6+ Kf5 44. Qd5+ Kf6 45. Qf3+ 1-0

[Event "World Youth U16 Olympiad"]
[Site "Gyor HUN"]
[Date "2014.12.14"]
[Round "3.27"]
[Board "4"]
[White "Lendvai, Oliver"]
[Black "Nemeth, Balint"]
[Result "0-1"]
[WhiteElo "1248"]
[BlackElo "1560"]
[WhiteTeam "Transdanubium 3"]
[BlackTeam "Györ (Hungary)"]
[WhiteFideId "768758"]
[BlackFideId "763837"]
[EventDate "2014.12.13"]

1. e4 e5 2. Nf3 Nc6 3. Bb5 a6 4. Ba4 Nf6 5. d3 d6 6. h3 Be7 7. O-O b5 8. Bb3 O-O
9. c3 Na5 10. Bc2 c5 11. Bg5 h6 12. Bh4 Qc7 13. Nbd2 Bb7 14. Re1 Nc6 15. Nf1 d5
16. Bxf6 Bxf6 17. exd5 Ne7 18. Ne3 Nxd5 19. Ng4 Rfe8 20. Bb3 Qd6 21. c4 Nf4 22.
Bc2 Rad8 23. Re3 Qc6 24. Qe1 Ng6 25. Rd1 Re7 26. b3 Rde8 27. Qe2 Bg5 28. Kf1
Bxe3 29. Qxe3 f5 30. Ngh2 Rf8 31. Re1 Rfe8 32. Re2 Nf4 33. Rd2 g5 34. Bb1 h5 35.
g3 Nxh3 36. cxb5 axb5 37. Rc2 Rc7 38. b4 c4 39. a3 g4 40. Ke1 gxf3 41. Ba2 Qd7
42. Rd2 Rd8 43. dxc4 Qxd2+ 44. Qxd2 Rxd2 45. Kxd2 bxc4 46. Ke3 Kg7 47. Nxf3 Bxf3
48. Kxf3 c3 49. Bb1 c2 50. Bxc2 Rxc2 51. b5 Ra2 52. b6 Rxa3+ 53. Kg2 Nxf2 54. b7
Rb3 55. Kxf2 Rxb7 56. Kf3 Rb3+ 57. Kf2 Kg6 58. Kg2 Kg5 0-1

[Event "World Youth U16 Olympiad"]
[Site "Gyor HUN"]
[Date "2014.12.15"]
[Round "4.1"]
[Board "1"]
[White "Ghosh, Diptayan"]
[Black "Gledura, Benjamin"]
[Result "1/2-1/2"]
[WhiteTitle "IM"]
[BlackTitle "IM"]
[WhiteElo "2516"]
[BlackElo "2450"]
[WhiteTeam "India"]
[BlackTeam "Hungary 1"]
[WhiteFideId "5045207"]
[BlackFideId "712779"]
[EventDate "2014.12.13"]
[EventType "team"]

1. d4 d5 2. c4 c6 3. Nf3 Nf6 4. e3 Bg4 5. Qb3 Qb6 6. Nc3 e6 7. Nh4 Be7 8. h3 Bh5
9. g4 Bg6 10. Nxg6 hxg6 11. Bg2 g5 12. Bd2 Nbd7 13. O-O-O a5 14. Kb1 a4 15. Qxb6
Nxb6 16. cxd5 Nbxd5 17. Ne2 Nd7 18. e4 N5b6 19. Ng3 O-O-O 20. Ba5 Kc7 21. Rhe1
Ra8 22. Bc3 Bf6 23. Nh5 e5 24. Nxf6 gxf6 25. Bb4 Rad8 26. dxe5 Nxe5 27. Be7
Rxd1+ 28. Rxd1 Nbd7 29. Bd6+ Kc8 30. Kc2 Ng6 31. Bf1 Nde5 32. Bc5 Nf4 1/2-1/2

[Event "World Youth U16 Olympiad"]
[Site "Gyor HUN"]
[Date "2014.12.15"]
[Round "4.1"]
[Board "2"]
[White "Korpa, Bence"]
[Black "Karthikeyan, Murali"]
[Result "0-1"]
[WhiteTitle "IM"]
[BlackTitle "IM"]
[WhiteElo "2415"]
[BlackElo "2497"]
[WhiteTeam "Hungary 1"]
[BlackTeam "India"]
[WhiteFideId "706671"]
[BlackFideId "5074452"]
[EventDate "2014.12.13"]
[EventType "team"]

1. e4 c5 2. Nf3 e6 3. c4 a6 4. Nc3 Qc7 5. Be2 d6 6. d4 cxd4 7. Nxd4 Nf6 8. O-O
b6 9. Be3 Bb7 10. f3 Be7 11. Qd2 O-O 12. Rac1 Nbd7 13. Rfd1 Rac8 14. a3 Qb8 15.
b4 Ba8 16. Nb3 Ne5 17. Na4 Nfd7 18. Nb2 Rfd8 19. Bf1 h5 20. Qf2 Re8 21. h3 Ng6
22. Qd2 h4 23. a4 Nf6 24. Nd3 Nh5 25. Bg5 Bf8 26. Nf4 Ngxf4 27. Bxf4 Nxf4 28.
Qxf4 Be7 29. Kh1 Red8 30. Qe3 Rc7 31. Rb1 Rcd7 32. a5 bxa5 33. Nxa5 Qc7 34. Rdc1
Rb8 35. Be2 Qd8 36. f4 Rc7 37. Bf3 Qd7 38. Qd3 Qa4 39. Qb3 Qe8 40. Qa3 Qc8 41.
Rc2 d5 42. exd5 exd5 43. Bg4 Qf8 44. Qa4 Rxb4 45. Rxb4 Bxb4 46. Bf3 Rc8 47. Nb3
dxc4 48. Bxa8 Rxa8 49. Rxc4 a5 50. Qc6 Re8 51. Qb5 Rb8 52. Qc6 Be1 53. Qe4 Qe8
54. Qxe8+ Rxe8 55. Ra4 Rb8 56. Re4 Bc3 57. Nd4 Rb4 58. Re8+ Kh7 59. Ne2 Bd2 60.
f5 a4 61. Re7 a3 62. Ra7 Rb3 63. Ra4 Bb4 64. Nf4 Bd6 65. g3 hxg3 66. Kg2 Rb4 0-1

[Event "World Youth U16 Olympiad"]
[Site "Gyor HUN"]
[Date "2014.12.15"]
[Round "4.1"]
[Board "3"]
[White "Aravindh, Chithambaram VR."]
[Black "Kantor, Gergely"]
[Result "1-0"]
[WhiteTitle "IM"]
[BlackTitle "IM"]
[WhiteElo "2476"]
[BlackElo "2385"]
[WhiteTeam "India"]
[BlackTeam "Hungary 1"]
[WhiteFideId "5072786"]
[BlackFideId "751499"]
[EventDate "2014.12.13"]
[EventType "team"]

1. e4 e5 2. Nf3 Nc6 3. Bb5 a6 4. Ba4 Nf6 5. O-O b5 6. Bb3 Bc5 7. c3 d6 8. d4 Bb6
9. h3 O-O 10. Re1 h6 11. Be3 Re8 12. Nbd2 Na5 13. Bc2 c5 14. d5 c4 15. b4 cxb3
16. axb3 Bd7 17. b4 Nb7 18. Bd3 a5 19. Qe2 Bxe3 20. Qxe3 Qc7 21. Bf1 Rec8 22.
Ra3 axb4 23. cxb4 Ra4 24. Rxa4 bxa4 25. Nc4 Be8 26. Qa7 Qb8 27. Qa6 Kf8 28. Nfd2
Ke7 29. Nb1 Nd7 30. Nc3 Qa8 31. Qxa4 Qxa4 32. Nxa4 Ra8 33. Nab6 Nxb6 34. Nxb6
Rb8 35. Rc1 Kd8 36. Ba6 h5 37. g4 h4 38. f3 g5 39. Kf2 Bd7 40. Ke3 Be8 41. Kd2
Bd7 42. Rc4 Be8 43. Kc3 Bd7 44. Nxd7 Kxd7 45. Bb5+ Kd8 46. Rc6 Ra8 47. Ba6 Ra7
48. Bxb7 Rxb7 49. Rxd6+ Ke7 50. Rc6 Ra7 51. b5 Ra3+ 52. Kb4 Rxf3 53. b6 Rf1 54.
Rc3 Kd7 55. Kb5 Rb1+ 56. Ka6 Ra1+ 57. Kb7 Ra4 58. Re3 Kd6 59. Kb8 Kc5 60. b7 Kd4
61. Re1 Ra3 62. d6 Rxh3 63. d7 1-0

[Event "World Youth U16 Olympiad"]
[Site "Gyor HUN"]
[Date "2014.12.15"]
[Round "4.1"]
[Board "4"]
[White "Antal, Tibor Kende"]
[Black "Kumaran, B"]
[Result "1-0"]
[WhiteTitle "FM"]
[WhiteElo "2292"]
[BlackElo "2316"]
[WhiteTeam "Hungary 1"]
[BlackTeam "India"]
[WhiteFideId "738581"]
[BlackFideId "5038472"]
[EventDate "2014.12.13"]
[EventType "team"]

1. e4 c5 2. Nf3 Nc6 3. d4 cxd4 4. Nxd4 e5 5. Nb5 Nf6 6. N1c3 d6 7. Bg5 a6 8. Na3
b5 9. Nd5 Be7 10. Bxf6 Bxf6 11. c4 b4 12. Nc2 a5 13. Be2 O-O 14. O-O Bg5 15. Qd3
Be6 16. Rad1 Rb8 17. g3 Bxd5 18. exd5 Na7 19. c5 dxc5 20. d6 Nc8 21. h4 Bh6 22.
Ne3 Bxe3 23. Qxe3 Nxd6 24. Qxc5 Nb7 25. Qxe5 Qb6 26. Bc4 Nc5 27. Rfe1 Rbc8 28.
Rd6 Qb8 29. Qd4 b3 30. a3 Na4 31. Bd5 Qb5 32. h5 Qc5 33. Bxb3 Qxd4 34. Rxd4 Nc5
35. Bd5 Rb8 36. Re7 Rb6 37. b4 axb4 38. axb4 Ne6 39. Bxe6 Rxe6 40. Rxe6 fxe6 41.
b5 Rb8 42. Rb4 Kf7 43. b6 Rb7 44. Kg2 Kf6 45. Rb5 Ke7 46. Kf3 Kd6 47. Ke4 Kc6
48. Rb1 Kd6 49. f4 Kd7 50. Ke5 Ke7 51. g4 Kd7 52. Rd1+ Ke7 53. Rd6 Kf7 54. Rxe6
g6 55. Rf6+ Kg7 56. hxg6 hxg6 57. Rc6 1-0

[Event "World Youth U16 Olympiad"]
[Site "Gyor HUN"]
[Date "2014.12.15"]
[Round "4.2"]
[Board "1"]
[White "Paravyan, David"]
[Black "Deac, Bogdan-Daniel"]
[Result "1/2-1/2"]
[WhiteTitle "IM"]
[BlackTitle "FM"]
[WhiteElo "2437"]
[BlackElo "2391"]
[WhiteTeam "Russia"]
[BlackTeam "Romania"]
[WhiteFideId "4194985"]
[BlackFideId "1226380"]
[EventDate "2014.12.13"]
[EventType "team"]

1. e4 e5 2. Nf3 Nc6 3. Bb5 a6 4. Ba4 Nf6 5. O-O Be7 6. Re1 b5 7. Bb3 d6 8. c3
O-O 9. h3 h6 10. d4 Re8 11. Nbd2 Bf8 12. Nf1 Bd7 13. Ng3 Na5 14. Bc2 Nc4 15. a4
bxa4 16. Bxa4 a5 17. Bc2 c5 18. d5 Nh7 19. Nh2 Be7 20. Qd3 Nb6 21. f4 Bh4 22.
Rf1 Nf8 23. fxe5 Rxe5 24. Qf3 Qe7 25. Nf5 Bxf5 26. exf5 Re1 27. Bf4 Rxa1 28.
Rxa1 Nfd7 29. Qd3 Bg5 30. Bxg5 hxg5 31. Nf3 Ne5 32. f6 Nxf3+ 33. gxf3 Qxf6 34.
Qh7+ Kf8 35. Qh8+ Ke7 36. Re1+ Kd7 37. Ba4+ Kc7 38. Re8 Rxe8 39. Qxe8 Nxa4 40.
Qc6+ Kd8 41. Qa8+ Ke7 42. Qb7+ Ke8 43. Qc6+ Ke7 44. Qc7+ Ke8 45. Qc6+ 1/2-1/2

[Event "World Youth U16 Olympiad"]
[Site "Gyor HUN"]
[Date "2014.12.15"]
[Round "4.2"]
[Board "2"]
[White "Dolana, Andrei-Theodor"]
[Black "Goryachkina, Aleksandra"]
[Result "1/2-1/2"]
[BlackTitle "WGM"]
[WhiteElo "2279"]
[BlackElo "2441"]
[WhiteTeam "Romania"]
[BlackTeam "Russia"]
[WhiteFideId "1219804"]
[BlackFideId "4147103"]
[EventDate "2014.12.13"]
[EventType "team"]

1. e4 e5 2. Nf3 Nc6 3. Bc4 Bc5 4. c3 Nf6 5. d4 exd4 6. cxd4 Bb4+ 7. Bd2 Bxd2+ 8.
Nbxd2 d5 9. exd5 Nxd5 10. Qb3 Na5 11. Qa4+ Nc6 12. Qb3 Na5 13. Qa4+ Nc6 14. Qa3
Qe7+ 15. Qxe7+ Ncxe7 16. O-O O-O 17. Rfe1 h6 18. Ne4 b6 19. Rac1 Be6 20. Nc3
Rfd8 21. a3 a5 22. Nb5 Rac8 23. Na7 Ra8 24. Nb5 Rac8 25. Na7 Ra8 26. Nb5 1/2-1/2

[Event "World Youth U16 Olympiad"]
[Site "Gyor HUN"]
[Date "2014.12.15"]
[Round "4.2"]
[Board "3"]
[White "Vavulin, Maksim"]
[Black "Costachi, Mihnea"]
[Result "1-0"]
[WhiteTitle "IM"]
[BlackTitle "FM"]
[WhiteElo "2430"]
[BlackElo "2356"]
[WhiteTeam "Russia"]
[BlackTeam "Romania"]
[WhiteFideId "4169530"]
[BlackFideId "1217518"]
[EventDate "2014.12.13"]
[EventType "team"]

1. e4 e5 2. Nf3 Nf6 3. d3 Nc6 4. c3 d5 5. Nbd2 Be7 6. Be2 Be6 7. O-O h6 8. b4 a6
9. Bb2 O-O 10. Re1 Re8 11. Bf1 Bd6 12. a3 Bg4 13. h3 Bh5 14. Qc2 Bg6 15. exd5
Nxd5 16. c4 Nf4 17. g3 Ne6 18. c5 Be7 19. Nxe5 Nxe5 20. Bxe5 Bf6 21. Qc3 Bxe5
22. Rxe5 Qd4 23. Qxd4 Nxd4 24. Rae1 Rxe5 25. Rxe5 a5 26. Rd5 Nc2 27. bxa5 Rxa5
28. Nc4 Rb5 29. Ne5 Bf5 30. g4 Be6 31. Rd8+ Kh7 32. d4 Rb1 33. d5 Rd1 34. Nd3
Nd4 35. dxe6 Nxe6 36. Rb8 Ng5 37. Kg2 Nxh3 38. Rxb7 g6 39. Kxh3 Rxf1 40. Rxc7 1-0

[Event "World Youth U16 Olympiad"]
[Site "Gyor HUN"]
[Date "2014.12.15"]
[Round "4.2"]
[Board "4"]
[White "Toma, Radu-Cristian"]
[Black "Sarana, Alexey"]
[Result "1/2-1/2"]
[WhiteElo "2255"]
[BlackElo "2391"]
[WhiteTeam "Romania"]
[BlackTeam "Russia"]
[WhiteFideId "1217992"]
[BlackFideId "24133795"]
[EventDate "2014.12.13"]
[EventType "team"]

1. d4 Nf6 2. Nf3 e6 3. g3 d5 4. Bg2 Be7 5. O-O O-O 6. c4 dxc4 7. Ne5 Nc6 8. Nxc6
bxc6 9. Bxc6 Rb8 10. b3 cxb3 11. axb3 Bb7 12. Bxb7 Rxb7 13. Ba3 Bxa3 14. Nxa3
Qb8 15. Qc2 Rxb3 16. Rfb1 Rxb1+ 17. Rxb1 Qa8 18. Qxc7 Qe4 19. Rb8 Qxd4 20. Nb5
Qd1+ 21. Kg2 Qd5+ 22. f3 Qd7 23. Rxf8+ Kxf8 24. Qxd7 Nxd7 25. Nxa7 Ke7 26. Nb5
Nc5 27. Kf2 e5 28. e4 f6 29. Ke3 Ke6 30. Nc7+ Ke7 31. Nb5 1/2-1/2

[Event "World Youth U16 Olympiad"]
[Site "Gyor HUN"]
[Date "2014.12.15"]
[Round "4.3"]
[Board "1"]
[White "Sibashvili, Giorgi"]
[Black "Vetoshko, Volodymyr"]
[Result "1-0"]
[WhiteTitle "FM"]
[BlackTitle "IM"]
[WhiteElo "2387"]
[BlackElo "2424"]
[WhiteTeam "Georgia"]
[BlackTeam "Ukraine"]
[WhiteFideId "13602799"]
[BlackFideId "14122480"]
[EventDate "2014.12.13"]
[EventType "team"]

1. d4 Nf6 2. c4 e6 3. Nc3 d5 4. cxd5 exd5 5. Bg5 c6 6. e3 Be7 7. Bd3 Nbd7 8. Qc2
O-O 9. Nf3 Re8 10. O-O Nf8 11. h3 Bd6 12. Rae1 h6 13. Bxf6 Qxf6 14. e4 Bb4 15.
exd5 Rxe1 16. Rxe1 Bxh3 17. Qb3 a5 18. a3 Bxc3 19. bxc3 Rd8 20. dxc6 bxc6 21.
Qb6 Be6 22. Ne5 Nd7 23. Nxd7 Bxd7 24. Qxa5 Be6 25. Qc7 g6 26. Qxc6 Rc8 27. Qa6
Kg7 28. Qa5 Qf4 29. Re3 h5 30. d5 Bf5 31. Qb4 Qg5 32. Qd4+ Kh7 33. Bxf5 Qxf5 34.
d6 1-0

[Event "World Youth U16 Olympiad"]
[Site "Gyor HUN"]
[Date "2014.12.15"]
[Round "4.3"]
[Board "2"]
[White "Vorontsov, Pavlo"]
[Black "Tutisani, Noe"]
[Result "1/2-1/2"]
[WhiteTitle "FM"]
[WhiteElo "2374"]
[BlackElo "2301"]
[WhiteTeam "Ukraine"]
[BlackTeam "Georgia"]
[WhiteFideId "14116367"]
[BlackFideId "13602853"]
[EventDate "2014.12.13"]
[EventType "team"]

1. e4 c5 2. Nf3 d6 3. c3 Nf6 4. Be2 g6 5. O-O Bg7 6. Bb5+ Bd7 7. Bxd7+ Nbxd7 8.
Re1 O-O 9. d4 Qb6 10. d5 c4 11. Na3 Rac8 12. Qe2 Qa6 13. Bg5 h6 14. Bh4 Rfe8 15.
Rad1 Ng4 16. Nc2 Nge5 17. Nxe5 Nxe5 18. f4 Nd3 19. Nb4 Nxb4 20. cxb4 c3 21. Qxa6
bxa6 22. bxc3 Bxc3 23. Re2 Bxb4 24. Bf2 Rc7 25. Rb1 a5 26. Bd4 Rec8 27. Kf2 Rc2
28. Rb2 Rxb2 29. Rxb2 Bc3 30. Bxc3 Rxc3 31. Rb7 Kf8 32. Rxa7 Rc2+ 33. Kf3 Rxa2
34. e5 a4 35. Ra8+ Kg7 36. Ra7 Kf8 37. Ra8+ Kg7 38. Ra7 1/2-1/2

[Event "World Youth U16 Olympiad"]
[Site "Gyor HUN"]
[Date "2014.12.15"]
[Round "4.3"]
[Board "3"]
[White "Khomeriki, Nino"]
[Black "Osmak, Iulija"]
[Result "0-1"]
[WhiteTitle "WFM"]
[BlackTitle "WFM"]
[WhiteElo "2141"]
[BlackElo "2308"]
[WhiteTeam "Georgia"]
[BlackTeam "Ukraine"]
[WhiteFideId "13603191"]
[BlackFideId "14101602"]
[EventDate "2014.12.13"]
[EventType "team"]

1. Nf3 d5 2. c4 c6 3. e3 Nf6 4. Nc3 g6 5. d4 Bg7 6. Be2 O-O 7. O-O a6 8. b3 Ne4
9. Bb2 Nxc3 10. Bxc3 Bg4 11. h3 Bxf3 12. Bxf3 e6 13. Qc2 Nd7 14. cxd5 exd5 15.
Bb4 Re8 16. Bd6 Rc8 17. Rac1 Qf6 18. Bg3 h5 19. Qd2 Bf8 20. Rc2 Ra8 21. Qa5 Qd8
22. Bc7 Qf6 23. Rfc1 Qe6 24. Bg3 Bd6 25. Bxd6 Qxd6 26. Qc3 a5 27. Be2 Qb4 28. a4
Qxc3 29. Rxc3 Nf8 30. g3 Ne6 31. Bd3 Kg7 32. Kg2 Kf6 33. Rb1 Ra7 34. f4 Ng7 35.
Kf3 Rh8 36. Rcc1 Ne6 37. b4 axb4 38. Rxb4 Ke7 39. Rcb1 Nd8 40. e4 dxe4+ 41. Bxe4
Kd6 42. Rd1 Ra5 43. d5 f5 44. Bc2 Rxd5 45. Rxd5+ Kxd5 46. Bb3+ Kd6 47. Rd4+ Kc7
48. g4 hxg4+ 49. hxg4 Rh3+ 0-1

[Event "World Youth U16 Olympiad"]
[Site "Gyor HUN"]
[Date "2014.12.15"]
[Round "4.3"]
[Board "4"]
[White "Matviishen, Viktor"]
[Black "Ghvamberia, Nika"]
[Result "0-1"]
[WhiteTitle "FM"]
[WhiteElo "2383"]
[BlackElo "2122"]
[WhiteTeam "Ukraine"]
[BlackTeam "Georgia"]
[WhiteFideId "14129850"]
[BlackFideId "13602128"]
[EventDate "2014.12.13"]
[EventType "team"]

1. d4 Nf6 2. c4 e6 3. Nf3 b6 4. g3 Ba6 5. Qa4 Bb7 6. Bg2 c5 7. O-O Be7 8. Rd1
cxd4 9. Nxd4 Bxg2 10. Kxg2 O-O 11. Nc3 Qc8 12. e4 a6 13. f3 d6 14. Be3 Qb7 15.
Qc2 Nc6 16. Qe2 Rac8 17. Rac1 Ne5 18. b3 Rfd8 19. Bg1 h6 20. f4 Ned7 21. Re1 Bf8
22. Qf3 Nc5 23. f5 Nfd7 24. Rcd1 Ne5 25. Qe2 Re8 26. fxe6 fxe6 27. Rf1 Ncd7 28.
a4 d5 29. exd5 exd5 30. Nxd5 Nxc4 31. Qf3 Nd6 32. Nf5 Qc6 33. Rc1 Qxc1 34. Rxc1
Rxc1 35. Nxh6+ Kh7 36. Nf5 Kg8 37. Nfe3 Ne5 38. Qh5 Ndf7 39. Qf5 Bc5 40. b4 Bd4
41. Bf2 b5 42. axb5 axb5 43. Qe4 Ba7 44. Nf5 Bxf2 45. Kxf2 Rd1 46. Nde7+ Kf8 47.
Qe2 Rd7 48. Qxb5 Rexe7 49. Nxe7 Kxe7 50. Ke2 Rd6 51. Qc5 Nd7 52. Qc3 Nfe5 53. b5
g6 54. Qb4 Ke6 55. g4 Nb6 56. Qc5 Nxg4 57. h4 Ne5 58. Ke3 Nbd7 59. Qc8 Rb6 60.
Qg8+ Kd6 61. Qb3 Kc5 62. Kf4 Rxb5 63. Qe6 Rb4+ 64. Kg3 Rb6 65. Qe7+ Kd5 66. Qe8
Nf6 67. Qa8+ Ke6 68. Qc8+ Ned7 69. Qc4+ Ke7 70. Kf4 Kf8 71. Qd4 Kg7 72. Kf3 Re6
73. Kg3 Re4 74. Qc3 Ne5 75. Qc7+ Nf7 76. Qc3 Re7 77. Qd4 Nh6 78. Qc4 Nf5+ 79.
Kf3 Re3+ 80. Kg2 Rg3+ 81. Kf2 Rg4 82. Qc7+ Kh6 83. Qd8 Ne4+ 84. Kf3 Rxh4 85.
Qh8+ Kg5 86. Qd8+ Nf6 87. Qd2+ Kh5 88. Qd8 Nh7 89. Qh8 Kh6 90. Qe5 Ng5+ 91. Kf2
Rd4 92. Qh2+ Kg7 93. Qe5+ Kf7 94. Qc7+ Ne7 95. Kg3 Ne6 96. Qb7 g5 97. Qb1 Kf6
98. Qh7 Rh4 99. Qc2 Nf5+ 0-1

[Event "World Youth U16 Olympiad"]
[Site "Gyor HUN"]
[Date "2014.12.15"]
[Round "4.4"]
[Board "2"]
[White "Cao, Jason"]
[Black "Yakubboev, Nodirbek"]
[Result "0-1"]
[WhiteTitle "FM"]
[WhiteElo "2309"]
[BlackElo "2144"]
[WhiteTeam "Canada 1"]
[BlackTeam "Uzbekistan"]
[WhiteFideId "2611112"]
[BlackFideId "14203987"]
[EventDate "2014.12.13"]
[EventType "team"]

1. e4 e5 2. Nf3 Nc6 3. Bb5 g6 4. d4 exd4 5. Bg5 Be7 6. Bxe7 Qxe7 7. O-O Nf6 8.
e5 Nd5 9. Nxd4 O-O 10. Re1 Qb4 11. Bxc6 dxc6 12. Nb3 Bg4 13. f3 Bf5 14. c3 Qb6+
15. Qd4 Nf4 16. Qxb6 axb6 17. Nd4 Nd3 18. Re2 Rfe8 19. Nxf5 gxf5 20. Rd2 Nc5 21.
Na3 Rxe5 22. Rad1 b5 23. Kf2 Kg7 24. Rd8 Rxd8 25. Rxd8 Na4 26. Rd2 Kf6 27. Nb1
Re8 28. b3 Nb6 29. Rd4 Ra8 30. Rd2 c5 31. f4 c4 32. b4 c6 33. g3 Nd5 34. Re2 h5
35. Kf3 h4 36. a3 hxg3 37. hxg3 Kg6 38. Re5 Rh8 39. Kg2 Rd8 40. Kf3 Nf6 41. Ke2
Rd3 42. Re3 Rxe3+ 43. Kxe3 Kh5 44. Kf3 Nd5 45. Kg2 Kg4 46. Kf2 Nf6 47. Nd2 Ne4+
48. Nxe4 fxe4 49. Ke3 f5 0-1

[Event "World Youth U16 Olympiad"]
[Site "Gyor HUN"]
[Date "2014.12.15"]
[Round "4.4"]
[Board "4"]
[White "Zhou, Qiyu"]
[Black "Abdusattorov, Nodirbek"]
[Result "0-1"]
[WhiteTitle "WFM"]
[BlackTitle "FM"]
[WhiteElo "2156"]
[BlackElo "2186"]
[WhiteTeam "Canada 1"]
[BlackTeam "Uzbekistan"]
[WhiteFideId "505161"]
[BlackFideId "14204118"]
[EventDate "2014.12.13"]
[EventType "team"]

1. e4 e5 2. Nf3 Nc6 3. Bb5 Nf6 4. d3 Bc5 5. c3 O-O 6. O-O d6 7. Bg5 h6 8. Bh4
Bg4 9. Nbd2 g5 10. Bg3 Nh5 11. Bxc6 bxc6 12. Qa4 Bd7 13. d4 Bb6 14. dxe5 g4 15.
Nh4 dxe5 16. Nc4 Qg5 17. Rad1 Rfd8 18. Rd2 Nf4 19. Kh1 Be6 20. Rxd8+ Rxd8 21.
Nxb6 cxb6 22. Qxa7 Bc4 23. Ra1 Ne2 24. Qa4 Qd2 25. Bxe5 b5 0-1

[Event "World Youth U16 Olympiad"]
[Site "Gyor HUN"]
[Date "2014.12.15"]
[Round "4.5"]
[Board "1"]
[White "Dankhazi, Andras"]
[Black "Asgarizadeh, Ahmad"]
[Result "1/2-1/2"]
[WhiteElo "2237"]
[BlackElo "2371"]
[WhiteTeam "Hungary 3"]
[BlackTeam "Iran"]
[WhiteFideId "714267"]
[BlackFideId "12505684"]
[EventDate "2014.12.13"]
[EventType "team"]

1. c4 e5 2. g3 Nc6 3. Nc3 Bc5 4. Bg2 d6 5. a3 Nf6 6. e3 Bf5 7. d3 O-O 8. Nge2 a6
9. h3 Ba7 10. b4 h6 11. O-O Be6 12. Nd5 Bxd5 13. cxd5 Ne7 14. Qb3 c6 15. dxc6
Nxc6 16. Nc3 Qd7 17. Nd5 Nxd5 18. Qxd5 Rab8 19. Bb2 Ne7 20. Qb3 Kh8 21. Rad1 f5
22. d4 e4 23. d5 Rbc8 24. a4 Rc7 25. Rd2 Ng6 26. Rfd1 Qe7 27. Rc2 Rfc8 28. Rdc1
Qd7 29. Bf1 Ne7 30. Rxc7 Rxc7 31. Rxc7 Qxc7 32. a5 Ng6 33. Qc4 Bb8 34. Qb3 1/2-1/2

[Event "World Youth U16 Olympiad"]
[Site "Gyor HUN"]
[Date "2014.12.15"]
[Round "4.5"]
[Board "2"]
[White "Tabatabaei, M.amin"]
[Black "Peczely, Sebastian Zsombor"]
[Result "1-0"]
[WhiteTitle "FM"]
[WhiteElo "2363"]
[BlackElo "2197"]
[WhiteTeam "Iran"]
[BlackTeam "Hungary 3"]
[WhiteFideId "12521213"]
[BlackFideId "750964"]
[EventDate "2014.12.13"]
[EventType "team"]

1. Nf3 d5 2. g3 Nf6 3. Bg2 c6 4. O-O Bg4 5. d4 e6 6. Nbd2 Nbd7 7. Re1 Be7 8. e4
dxe4 9. Nxe4 O-O 10. c3 h6 11. Nxf6+ Bxf6 12. Qb3 Bxf3 13. Bxf3 Qc7 14. Bf4 e5
15. dxe5 Bxe5 16. Be3 Rfd8 17. Rad1 Nb6 18. a4 Rxd1 19. Rxd1 Nd7 20. a5 a6 21.
Qc4 Re8 22. Bxh6 Bf6 23. Bf4 Ne5 24. Bxe5 Rxe5 25. b4 Qe7 26. Kg2 Qe6 27. Qf4
Qf5 28. Qxf5 Rxf5 29. Rd7 Rb5 30. Be2 Re5 31. Bc4 Re7 32. Rd8+ Kh7 33. Rd3 g6
34. Kf1 Kg7 35. Bb3 Rc7 36. Ke2 Re7+ 37. Kd2 Bg5+ 38. f4 Bf6 39. h4 Re8 40. Bd1
Be7 41. Kc2 Rd8 42. Re3 Rd7 43. h5 gxh5 44. Bxh5 c5 45. Bg4 Rc7 46. Kb3 cxb4 47.
cxb4 Bf6 48. Bf3 Kf8 49. g4 Rd7 50. g5 Be7 51. Ka4 Rc7 52. Bd5 Kg7 53. Re5 Rd7
54. Bb3 f6 55. gxf6+ Bxf6 56. Re6 Bd8 57. f5 Bf6 58. Rb6 Bd4 59. Rg6+ Kh7 60.
Bg8+ Kh8 61. Bc4 Kh7 62. Bg8+ Kh8 63. Bb3 Kh7 64. Bc2 Rf7 65. f6 Kh8 66. Rh6+
Kg8 67. Bb3 b5+ 68. axb6 Bxb6 69. Bxf7+ Kxf7 70. Rh7+ Kf8 71. Rb7 Bd4 72. f7 1-0

[Event "World Youth U16 Olympiad"]
[Site "Gyor HUN"]
[Date "2014.12.15"]
[Round "4.5"]
[Board "3"]
[White "Marosi, Levente"]
[Black "Maghsoodloo, Parham"]
[Result "1/2-1/2"]
[WhiteElo "2211"]
[BlackElo "2415"]
[WhiteTeam "Hungary 3"]
[BlackTeam "Iran"]
[WhiteFideId "747181"]
[BlackFideId "12539929"]
[EventDate "2014.12.13"]
[EventType "team"]

1. e4 c5 2. Nf3 e6 3. g3 a6 4. Bg2 Qc7 5. O-O Nc6 6. Qe2 Nge7 7. c3 d5 8. d4
dxe4 9. Qxe4 Nd5 10. Re1 Nf6 11. Qe2 cxd4 12. Nxd4 Bd7 13. Bf4 Bd6 14. Bxd6 Qxd6
15. Nb3 O-O 16. N1d2 Rfd8 17. Rad1 Qc7 18. Nf3 Be8 19. Rxd8 Rxd8 20. Rd1 Rxd1+
21. Qxd1 b6 22. Qe2 a5 23. Nbd4 Ne7 24. a3 h6 25. Qe5 Qd8 26. h4 Ng6 27. Qe2 Qc7
28. Nd2 e5 29. Nf5 Bd7 30. Ne3 Be6 31. Ne4 Ne8 32. Qb5 Qd8 33. h5 Bd7 34. Qd5
Ne7 35. Qxe5 Be6 36. Qd4 Qc7 37. Qa4 Kf8 38. c4 f5 39. Nc3 f4 40. gxf4 Nf6 41.
Qb5 Qxf4 42. Qxb6 Bxc4 43. Qd8+ Kf7 44. Nxc4 Qxc4 45. Qxa5 Qg4 46. Qe5 Nxh5 47.
Nd5 Nf5 48. Ne3 Nxe3 49. Qxe3 Nf4 50. Qf3 Qf5 51. Qb7+ Kf6 52. Qc6+ Kg5 53. Qf3
Qb1+ 54. Kh2 Qxb2 55. Qg3+ Kf5 56. Bh3+ Nxh3 57. Qxh3+ Kf6 58. Qf3+ Ke7 59. Kg2
Qc2 60. Qe3+ Kf7 61. Qf4+ Kg8 62. Qe3 1/2-1/2